Pequeña historia de grandes naciones : alemania /
Guardado en:
| Autor Principal: | |
|---|---|
| Formato: | Libro |
| Publicado: |
España :
Círculo de Lectores,
1979
|
| Materias: | |
| Etiquetas: |
Agregar Etiqueta
Sin Etiquetas, Sea el primero en etiquetar este registro!
|
| LEADER | 00504nam a22001815a 4500 | ||
|---|---|---|---|
| 001 | CEM.cems006760 | ||
| 005 | 20060214000000.0 | ||
| 008 | 130507s1979##################000#0#####d | ||
| 003 | CEMS | ||
| 082 | 0 | 4 | |a 943 |
| 100 | 1 | |a Zierer, Otto | |
| 245 | 1 | 0 | |a Pequeña historia de grandes naciones : |b alemania / |
| 260 | |a España : |b Círculo de Lectores, |c 1979 | ||
| 300 | |a 126 p. | ||
| 653 | |a Alemania | ||
| 653 | |a Historia | ||
| 653 | |a Historia de europa | ||
| 859 | |a CEMS |b BIB. CEMS - 11 de abril |h 943 |i Z64 |p 12784.83 |t Ej.1 | ||
